Hot-lime mortars: a current perspective (Record no. 118334)

MARC details
000 -LEADER
fixed length control field 01115cam a2200229 4500
001 - CONTROL NUMBER
control field ABS68406
008 - FIXED-LENGTH DATA ELEMENTS--GENERAL INFORMATION
fixed length control field 041118n2004 000 0 eng u
035 ## - SYSTEM CONTROL NUMBER
System control number (Sirsi) u128039
100 ## - MAIN ENTRY--PERSONAL NAME
Personal name Forster, A.
245 ## - TITLE STATEMENT
Title Hot-lime mortars: a current perspective
260 ## - PUBLICATION, DISTRIBUTION, ETC.
Date of publication, distribution, etc. 2004
490 ## - SERIES STATEMENT
Series statement Journal of Architectural Conservation
Volume/sequential designation 3(10) November 2004, 7-27(21)
520 ## - SUMMARY, ETC.
Summary, etc. Highlights current views on the use of hot-lime mortars and considers why hot-lime mortars appear to offer better performance than alternative lime mortars. The potential for altered hydraulic properties, bond characteristics between the lime/aggregate interface, pore-structure development and micro-structure performance are assessed, although it is stressed that this is only a preliminary investigation aimed at stimulating debate and further research. (Taken from article abstract).
590 ## - LOCAL NOTE (RLIN)
Local note ABS
590 ## - LOCAL NOTE (RLIN)
Local note ABS
650 ## - SUBJECT ADDED ENTRY--TOPICAL TERM
Topical term or geographic name entry element LIME MORTARS
650 ## - SUBJECT ADDED ENTRY--TOPICAL TERM
Topical term or geographic name entry element HISTORIC BUILDINGS
650 ## - SUBJECT ADDED ENTRY--TOPICAL TERM
Topical term or geographic name entry element TRADITIONAL BUILDINGS
650 ## - SUBJECT ADDED ENTRY--TOPICAL TERM
Topical term or geographic name entry element HOT-LIME MORTARS
690 ## - LOCAL SUBJECT ADDED ENTRY--TOPICAL TERM (OCLC, RLIN)
Topical term or geographic name as entry element BUILDING AND CONSTRUCTION-MATERIALS AND PRODUCTS
942 ## - ADDED ENTRY ELEMENTS (KOHA)
Suppress in OPAC 0
Holdings
Withdrawn status Lost status Source of classification or shelving scheme Damaged status Not for loan Home library Current library Shelving location Date acquired Total Checkouts Full call number Barcode Date last seen Copy number Price effective from Koha item type
    Dewey Decimal Classification     London London Journal article 18/11/2004   ABS68406 128039-1001 06/08/2019 1 06/08/2019 Journal article